000 00381nam a2200121Ia 4500
008 220216s9999 xx 000 0 und d
100 _aJacob G.
245 0 _aIndustrial relations in rubber plantations
260 _bSouvenir, Rubber Planters' Conference India 1974, Kottayam, India, pp. 88-90.
_c1974
650 _aIndustrial relation
650 _aRubber plantation
942 _cBS
999 _c49830
_d49830